000 01587nam a2200337 i 4500
001 768714001
003 CO-MdFUSB
005 20230515165740.0
007 ta
008 830926t1995 -usacod b 001 0 eng d
020 _a0801042739
040 _dUPRA
_aCO-MdFUSB
_bspa
_cCO-MdFUSB
_erda
041 _aeng
082 _223
_a306.01
_bH633
100 1 _aHiebert, Paul G.,
_d1932-
_eautor
245 1 0 _aCultural anthropology
_c/ Paul G. Hiebert.
250 _asegunda edición
264 1 _aGrand Rapids, MI :
_bBaker Book House,
_c[1995]
264 4 _c© 1995
300 _a476 páginas :
_bilustraciones, mapas y graficas a blanco y negro ;
_c23 cm.
336 _2rdacontent
_atexto
_btxt
337 _2rdamedia
_asin mediación
_bn
338 _2rdacarrier
_avolumen
_bnc
505 _aIntroducción. -- Puntos de vista antropológicos. -- Más sobre cultura. -- Cultura material: descripción y explicación. -- Ecología cultural. -- Simbolismo y comunicación. -- Estados, reglas y relaciones. -- El ciclo de vida. -- Grupos e instituciones sociales. -- El matrimonio y la familia. -- Sistemas y grupos de parentesco. -- Asociaciones. -- Grupos geográficos. -- Grupos sociales. --Organización económica. -- Sistemas legales. -- Organización política. -- Visiones del mundo. -- Creencias y prácticas religiosas Cultura expresiva. -- Cambio sociocultural. -- La cultura y la persona.
563 _aRústico
650 7 _aAntropología cultural y social
_2embne
_96714
942 _cBK
945 _aJTF-925
999 _c68670
_d68670